000 00686nam a2200193 i 4500
001 102296
003 ES-MaACL
005 20230906183059.0
007 t|
008 051108s1956 sp ||||1| spa d
100 1 _aMenéndez Pidal y Alvárez, Luis.
_980317
245 1 3 _aLa cueva de Covadonga
_b: Santuario de Nuestra Señora la Virgen María /
_cLuis Menéndez Pidal y Alvárez.
260 _aMadrid :
_bEspasa-Calpe,
_c1956.
300 _a280 p., 4 lám. :
_bil. ;
_c27 cm.
610 1 4 _aSantuario de Nuestra Señora de Covadonga-
_xHistoria.
_9134842
650 4 _aVirgen de Covadonga.
_9159010
852 _aES-MaACL
_jC-8593
_bR.38722
852 _aES-MaACL
_jC-15356
_bR.43606
999 _c102296
_d102296